00784nam a2200217Ii 45000010005000000030009000050080041000140400033000550410008000880820022000961000034001182450050001522640055002023000012002573360026002693370028002953380027003239400050003509990017004009520149004172604CO-ViMGA241108s9999||||xx |||||||||||||| ||und|| aCO-ViMGAbspaerdacCO-ViMGA0 aspa04aFA Co862.6 - G19c1 aJosé Enrique Gaviria94890410aCaminos en la niebla y otras piezas teatrales 1aBogotá, Colombia : Instituto Caro y Cuervo, 1978 avolumen atextbtxt2rdacontent aunmediatedbn2rdamedia avolumebnc2rdacarrier aidficha_siabuc: 2547. -- ficha_no_siabuc:2604 c43546d43546 001040708FDArangoaMEVIGERRbMEVIGERRcLOCALd2006-09-06oFA Co862.6 - G19cpECA17113r2024-11-26 09:16:34tEj.1w2024-11-26yBKz2547 | 3081